000 00397nam a2200169Ia 4500
001 11435
003 IN-NITTTR
005 20251114233107.0
008 251113s9999||||xx |||||||||||||| ||eng||
040 _beng
040 _cIN-NITTTR
041 _aeng
082 _a005.13 S24D
100 _aStandish, Thomas A.
245 0 _aData structure techniques /
_cStandish, Thomas A.
942 _2ddc
_cBK
999 _c14071
_d14071